00438nam a2200157Ia 450000500170000000800410001704000190005804100120007708200160008910000300010524500680013526000440020330000100024765000130025785000100027020230313095521.0131103s9999 xx 000 0 und d aLoreto College aEnglish a891.44bBHA aBhattacharya, Sadhankumar aCrocher asthetic i essays of asthetikcSadhankumar Bhattacharya aCalcuttabJatiya Sahitya Parishadc1963 a245p  aAsthetic aLCLIB